Questo giorno nella storia: Febbraio - Statistics

Statistiche generali
  • Questo quiz è stato fatto 74 volte
  • Il punteggio medio è 16 su 29
Statistiche sulle risposte
GIORNO ANNO DOMANDA RISPOSTA % Corretto
15 febbraio 1965 Questa nazione approva la sua bandiera con una foglia d'acero al centro Canada
92%
26 febbraio 1815 Questo famoso leader fugge dall'isola d'Elba Napoleone
91%
16 febbraio 1959 Questo rivoluzionario diviene leader di Cuba Fidel/Castro
81%
18 febbraio 1930 Viene scoperto questo pianeta, poi declassificato in pianeta nano Plutone
80%
6 febbraio 1952 Questa persona diviene regina alla morte di Giorgio VI Elisabetta II
77%
17 febbraio 2008 Questa nazione dichiara l'indipendenza dalla Serbia Kosovo
77%
7 febbraio 1962 Gli Usa iniziano l'embargo contro questa nazione Cuba
70%
4 febbraio 1948 "La lacrima dell'India" diviene indipendente dal Regno Unito Sri Lanka
70%
2 febbraio 1536 Viene fondata questa famosa città sudamericana Buenos Aires
66%
10 febbraio 2005 Questa nazione annuncia il possesso di armi nucleari Corea del Nord/Nord Corea
66%
9 febbraio 1941 La Royal Navy bombarda questa città portuale italiana Genova
66%
13 febbraio 1913 Il Dalai Lama proclama l'indipendenza di questa nazione Tibet
61%
25 febbraio 1954 Nasser diviene primo ministro di questa nazione Egitto
59%
3 febbraio 1830 Nel protocollo di Londra viene approvata l'indipendenza di questa nazione dagli Ottomani Grecia
59%
12 febbraio 1832 Questa nazione annette le Isole Galapagos Ecuador
56%
28 febbraio 1954 Viene messa in vendita per la prima volta la TV a colori in questa città USA New York
55%
22 febbraio 1987 Muore a New York il più grande esponente della Pop Art Andy Warhol/Warhol
53%
21 febbraio 1848 Marx ed Engels pubblicano il loro famoso manifesto Comunismo
53%
1 febbraio 1861 Questo stato proclama la secessione dagli USA Texas
47%
19 febbraio 1964 Terminano i IX giochi invernali in questa città austriaca Innsbruck
45%
14 febbraio 1945 Viene bombardata questa città tedeschi, una delle azioni di cui si macchiarono gli Alleati Dresda
44%
8 febbraio 1587 Viene giustiziata questa regina scozzese avversa ad Elisabetta I Maria Stuarda
42%
5 febbraio 251 Muore martirizzata questa santa che oggi è patrono di Catania Sant'Agata/Agata
36%
29 febbraio 1960 Un terremoto uccide un terzo della popolazione di Agadir in questo stato Marocco
34%
23 febbraio 1958 Ribelli cubani rapiscono il 5 volte campione del mondo di F1 Fangio
31%
27 febbraio 380 Editto con il quale il Cristianesimo diveniva l'unica religione ufficiale dell'Impero Romano Tessalonica
25%
24 febbraio 1912 La flotta italiano attacca questa città dell'Impero Ottomano oggi capitale di uno stato Beirut
23%
20 febbraio 1816 Questa famosissima opera di Gioacchino Rossini viene presentata per la prima volta a Roma Il Barbiere di Siviglia
23%
11 febbraio 1814 Questa nazione proclama l'indipendenza segnando la fine dell'Unione di Kalmar Norvegia
22%
Nessun quiz corrispondente trovato
Distribuzione punteggi
Percentuale di utenti per punteggio
Percentile per numero di risposta
I tuoi punteggi nel tempo
Non hai fatto questo quiz